| 000 | 00423nam a2200157 a 4500 | ||
|---|---|---|---|
| 001 | 48571 | ||
| 005 | 20180714032920.0 | ||
| 008 | 140415s1984 000 0 spa d | ||
| 041 | _aspa | ||
| 082 |
_a624.16 _bPOR |
||
| 100 | 1 | _aPORTLAND CEMENT ASSOCIATION | |
| 245 | 1 | 0 | _aINTERACCION ESTRUCTURAL EN MARCOS Y MUROS DE CORTANTE |
| 260 |
_a[s.l.] : _bED. LIMUSA, _c1984 |
||
| 300 | _a51 | ||
| 650 | 1 | 4 | _aMUROS |
| 999 |
_c48571 _d48571 |
||